000 00678nam a2200205 a 4500
001 17099
003 CO-ViMGA
008 141112s2004 ck r 000 u spa d
020 _a8471148978
040 _aCO-ViMGA
_bspa
_cCO-ViMGA
082 0 4 _a664.06 M137a
100 1 _aMadríd, Vicente Antonio; Madríd, Cenzano J.
_924284
245 1 0 _aLos aditivos en los alimentos . Según la Unión Europea y la legislación Española
260 _aMadríd (España),
_cMundi - prensa,
_c2000
300 _a351.p.
590 _aForma de adquisición : Premio - Mincultura
650 1 4 _aADITIVOS - PARA ALIMENTOS
_924285
650 1 4 _aCONSERVACION DE ALIMENTOS
_922077
942 _2ddc
_cBK
999 _c26711
_d26711